Présidents fédéraux de la République fédérale d'Allemagne. - Statistiques

Statistiques générales
  • Ce quiz a été pris 3 fois
  • Le résultat moyen est 3 sur 15
Statistiques - réponses
HINT ANSWER % Correct
Du 19 mars 2017 à aujourd'hui Frank-Walter Steinmeier
100%
Du 13 septembre 1949 au 12 septembre 1959 Theodor Heuss
67%
Du 30 juin 2010 au 17 février 2012 Christian Wulff
33%
Du 13 septembre 1959 au 30 juin 1969 Heinrich Lübke
33%
Du 18 mars 2012 au 18 mars 2017 Joachim Gauck
33%
Du 1er juillet 1999 au 30 juin 2004 Johannes Rau
33%
Du 1er juillet 1969 au 30 juin 1974 Gustav Heinemann
0%
Du 1er juillet 2004 au 31 mai 2010 Horst Köhler
0%
Du 17 février 2012 au 18 mars 2012 Horst Seehofer
0%
Du 31 mai 2010 au 30 juin 2010 Jens Böhrnsen
0%
Du 7 septembre 1949 au 13 septembre 1949 Karl Arnold
0%
Du 1er juillet 1979 au 30 juin 1984 Karl Carstens
0%
Du 1er juillet 1984 au 30 juin 1994 Richard von Weizsäcker
0%
Du 1er juillet 1994 au 30 juin 1999 Roman Herzog
0%
Du 1er juillet 1974 au 30 juin 1979 Walter Scheel
0%
Aucun quiz correspondant
Distribution des résultats
% des personnes avec chaque résultat
Percentile par nombre de réponses
Votre historique - résultats
Vous n’avez pas pris ce quiz